| 000 | 00472nam a2200193Ia 4500 | ||
|---|---|---|---|
| 003 | IN-BaIIA | ||
| 008 | 211028s9999 xx 000 0 eng d | ||
| 040 | _cIIA Library | ||
| 080 |
_a523.9 _bABB |
||
| 100 |
_aAbbot, Charles G. _91456 |
||
| 245 | 4 |
_aThe sun _cCharles G. Abbot |
|
| 260 |
_aLondon _bD. Appleton _c1912 |
||
| 300 | _axxiv, 447p. | ||
| 650 | _aArchives | ||
| 650 |
_aSolar physics _91457 |
||
| 650 | _aSolar system | ||
| 650 |
_aSun _91200 |
||
| 942 | _cBK | ||
| 999 |
_c669 _d669 |
||